| 000 | 00383pam a2200157a 44500 | ||
|---|---|---|---|
| 008 | 230405s2014 xxu||||| |||| 00| 0 eng d | ||
| 041 | _aENG | ||
| 100 | _aChaurasia B. D. | ||
| 245 |
_aHUMAN ANOTOMY _bVOL 1 |
||
| 260 |
_adelhi _bC.B.S. PUBLI. _c2014 |
||
| 300 | _a252p. | ||
| 440 | _aSOURCE=RATNAKAR BOOK MIRAJ | ||
| 650 | _aVOCATIONAL | ||
| 690 | _aVOCATIONAL | ||
| 906 | _a10461 | ||
| 999 |
_c790677 _d790677 |
||